00719nam a2200241 a 4500001001300000003000900013005001700022008004100039020001000080082001600090100002000106245005500126260004400181300000800225500003500233505002400268650001800292700002000310902000800330942000700338952011700345999001500462nice12345678IN_TiNIC20260116012955.0050524s1983 gena grp 000 0 eng  ac10000a270.82bSTR aStromberg, Jean aMission and Evangelismb an Ecumenical Affirmation aGenevabWorld Council of Churchesc1983 a84p aincludes index and biblioraphy2 aIndex, Bibliography aEcumenicalism1 aStromberg, Jean bSRS cBK 001040708StackRoom-aHMIbHMId2007-07-18g100.00l0o270.82 STRp011167r2007-07-18v100.00w2005-05-24yBK c9122d9122